[Event "DVM U16 2023"]
[Site "Magdeburg GER"]
[Date "2023.12.30"]
[Round "7"]
[White "Yue, Qihang"]
[Black "Laux, Filip"]
[Result "0-1"]
[Termination "normal"]
[Board "10.3"]
[WhiteElo "1433"]
[BlackElo "1589"]
[WhiteClock "00:33:28"]
[BlackClock "00:29:48"]
[WhiteTeam "SV Multatuli Ingelheim"]
[BlackTeam "VSG 1880 Offenbach"]
[PlyCount "116"]
[WhiteFideId "16278968"]
[BlackFideId "16275730"]
[EventCountry "GER"]
[EventRounds "7"]
[EventType "team-swiss"]
[EventDate "2023.12.26"]

1. e4 {[%clk 01:30:56]} {[%emt 00:00:04]} c6 {[%clk 01:30:54]} {[%emt
00:00:06]} 2. d4 {[%clk 01:31:20]} {[%emt 00:00:06]} d5 {[%clk 01:31:15]}
{[%emt 00:00:09]} 3. f3 {[%clk 01:31:42]} {[%emt 00:00:08]} dxe4 {[%clk
01:22:31]} {[%emt 00:09:14]} 4. fxe4 {[%clk 01:32:00]} {[%emt 00:00:13]} e6
{[%clk 01:21:48]} {[%emt 00:01:13]} 5. Nf3 {[%clk 01:30:34]} {[%emt 00:01:55]}
c5 {[%clk 01:19:58]} {[%emt 00:02:21]} 6. d5 {[%clk 01:20:45]} {[%emt
00:10:18]} exd5 {[%clk 01:18:17]} {[%emt 00:02:11]} 7. exd5 {[%clk 01:20:53]}
{[%emt 00:00:22]} Nf6 {[%clk 01:14:15]} {[%emt 00:04:31]} 8. Bc4 {[%clk
01:19:53]} {[%emt 00:01:30]} Bd6 {[%clk 01:12:56]} {[%emt 00:01:49]} 9. O-O
{[%clk 01:19:24]} {[%emt 00:00:59]} O-O {[%clk 01:12:46]} {[%emt 00:00:41]} 10.
Nc3 {[%clk 01:18:11]} {[%emt 00:01:43]} a6 {[%clk 01:11:22]} {[%emt 00:01:54]}
11. a4 {[%clk 01:17:41]} {[%emt 00:01:00]} h6 {[%clk 01:06:52]} {[%emt
00:05:00]} 12. Be3 {[%clk 01:14:17]} {[%emt 00:03:54]} Bg4 {[%clk 01:01:19]}
{[%emt 00:06:03]} 13. Qd2 {[%clk 01:12:30]} {[%emt 00:02:17]} Bf5 {[%clk
00:48:51]} {[%emt 00:12:58]} 14. Nh4 {[%clk 01:00:39]} {[%emt 00:12:22]} Bh7
{[%clk 00:48:33]} {[%emt 00:00:46]} 15. Nf5 {[%clk 00:59:11]} {[%emt 00:01:59]}
Ng4 {[%clk 00:39:46]} {[%emt 00:09:17]} 16. Nxd6 {[%clk 00:52:29]} {[%emt
00:07:11]} Nxe3 {[%clk 00:38:20]} {[%emt 00:01:56]} 17. Qxe3 {[%clk 00:50:23]}
{[%emt 00:02:36]} Qxd6 {[%clk 00:38:22]} {[%emt 00:00:29]} 18. Ne4 {[%clk
00:36:40]} {[%emt 00:14:12]} Qe5 {[%clk 00:33:30]} {[%emt 00:05:22]} 19. Rae1
{[%clk 00:25:42]} {[%emt 00:11:28]} Nd7 {[%clk 00:25:40]} {[%emt 00:08:21]} 20.
Rf2 {[%clk 00:15:37]} {[%emt 00:10:34]} Rae8 {[%clk 00:20:34]} {[%emt
00:05:36]} 21. Rfe2 {[%clk 00:14:59]} {[%emt 00:01:08]} Qxb2 {[%clk 00:18:00]}
{[%emt 00:03:04]} 22. Qd2 {[%clk 00:11:52]} {[%emt 00:03:36]} Bxe4 {[%clk
00:12:01]} {[%emt 00:06:30]} 23. Rxe4 {[%clk 00:12:06]} {[%emt 00:00:16]} Rxe4
{[%clk 00:12:07]} {[%emt 00:00:24]} 24. Rxe4 {[%clk 00:12:17]} {[%emt
00:00:19]} Qa1+ {[%clk 00:11:58]} {[%emt 00:00:39]} 25. Re1 {[%clk 00:08:43]}
{[%emt 00:04:04]} Qxa4 {[%clk 00:10:07]} {[%emt 00:02:20]} 26. Qc3 {[%clk
00:07:12]} {[%emt 00:02:01]} Nb6 {[%clk 00:04:55]} {[%emt 00:05:42]} 27. Re4
{[%clk 00:03:55]} {[%emt 00:03:48]} Qd7 {[%clk 00:03:37]} {[%emt 00:01:48]} 28.
Qd3 {[%clk 00:03:06]} {[%emt 00:01:19]} Rd8 {[%clk 00:03:07]} {[%emt 00:01:00]}
29. Bb3 {[%clk 00:02:48]} {[%emt 00:00:48]} Nxd5 {[%clk 00:01:37]} {[%emt
00:02:00]} 30. Bxd5 {[%clk 00:03:08]} {[%emt 00:00:10]} c4 {[%clk 00:00:35]}
{[%emt 00:01:33]} 31. Qxc4 {[%clk 00:02:52]} {[%emt 00:00:45]} Qxd5 {[%clk
00:00:55]} {[%emt 00:00:10]} 32. Re8+ {[%clk 00:01:34]} {[%emt 00:01:48]} Kh7
{[%clk 00:01:19]} {[%emt 00:00:07]} 33. Qe2 {[%clk 00:01:25]} {[%emt 00:00:39]}
Rxe8 {[%clk 00:01:00]} {[%emt 00:00:49]} 34. Qxe8 {[%clk 00:01:38]} {[%emt
00:00:17]} Qd1+ {[%clk 00:01:18]} {[%emt 00:00:11]} 35. Kf2 {[%clk 00:01:55]}
{[%emt 00:00:13]} Qxc2+ {[%clk 00:01:43]} {[%emt 00:00:05]} 36. Kg3 {[%clk
00:01:53]} {[%emt 00:00:32]} Qc7+ {[%clk 00:01:32]} {[%emt 00:00:41]} 37. Kf2
{[%clk 00:02:02]} {[%emt 00:00:21]} b5 {[%clk 00:01:12]} {[%emt 00:00:50]} 38.
Qa8 {[%clk 00:01:43]} {[%emt 00:00:49]} a5 {[%clk 00:01:13]} {[%emt 00:00:30]}
39. Qe4+ {[%clk 00:01:47]} {[%emt 00:00:25]} g6 {[%clk 00:01:22]} {[%emt
00:00:22]} 40. h4 {[%clk 00:01:50]} {[%emt 00:00:26]} Qc5+ {[%clk 00:01:01]}
{[%emt 00:00:50]} 41. Kg3 {[%clk 00:01:43]} {[%emt 00:00:37]} b4 {[%clk
00:00:52]} {[%emt 00:00:39]} 42. Qe8 {[%clk 00:01:26]} {[%emt 00:00:47]} Kg7
{[%clk 00:00:50]} {[%emt 00:00:32]} 43. Qa4 {[%clk 00:01:23]} {[%emt 00:00:32]}
Qc3+ {[%clk 00:30:12]} {[%emt 00:01:08]} 44. Kh2 {[%clk 00:31:41]} {[%emt
00:00:13]} b3 {[%clk 00:28:10]} {[%emt 00:02:31]} 45. Qa3 {[%clk 00:31:26]}
{[%emt 00:00:45]} Qe5+ {[%clk 00:26:28]} {[%emt 00:02:07]} 46. Kh3 {[%clk
00:30:59]} {[%emt 00:01:02]} b2 {[%clk 00:26:01]} {[%emt 00:00:57]} 47. Qa2
{[%clk 00:30:55]} {[%emt 00:00:34]} Qe6+ {[%clk 00:26:20]} {[%emt 00:00:10]}
48. Qxe6 {[%clk 00:30:57]} {[%emt 00:00:30]} fxe6 {[%clk 00:26:46]} {[%emt
00:00:04]} 49. g4 {[%clk 00:31:05]} {[%emt 00:00:21]} b1=Q {[%clk 00:27:05]}
{[%emt 00:00:11]} 50. g5 {[%clk 00:31:21]} {[%emt 00:00:15]} h5 {[%clk
00:27:12]} {[%emt 00:00:23]} 51. Kg3 {[%clk 00:31:44]} {[%emt 00:00:08]} Qe4
{[%clk 00:27:24]} {[%emt 00:00:16]} 52. Kf2 {[%clk 00:32:01]} {[%emt 00:00:14]}
a4 {[%clk 00:27:47]} {[%emt 00:00:06]} 53. Kg3 {[%clk 00:32:24]} {[%emt
00:00:08]} a3 {[%clk 00:28:13]} {[%emt 00:00:03]} 54. Kf2 {[%clk 00:32:35]}
{[%emt 00:00:19]} a2 {[%clk 00:28:39]} {[%emt 00:00:04]} 55. Kg3 {[%clk
00:32:58]} {[%emt 00:00:08]} a1=Q {[%clk 00:29:02]} {[%emt 00:00:06]} 56. Kh2
{[%clk 00:33:13]} {[%emt 00:00:16]} Qc3 {[%emt 00:00:17]} 57. Kg1 {[%clk
00:33:10]} {[%emt 00:00:16]} Qec2 {[%clk 00:29:48]} {[%emt 00:00:13]} 58. Kh1
{[%clk 00:33:28]} {[%emt 00:00:13]} Qa1# {[%emt 00:00:13]} 0-1

[Event "DVM U16 2023"]
[Site "Magdeburg GER"]
[Date "2023.12.30"]
[Round "7"]
[White "Staat, Christian"]
[Black "González Peisker, Mateo"]
[Result "1-0"]
[Termination "normal"]
[Board "10.4"]
[WhiteElo "1268"]
[BlackElo "1443"]
[WhiteClock "00:03:14"]
[BlackClock "00:11:54"]
[WhiteTeam "VSG 1880 Offenbach"]
[BlackTeam "SV Multatuli Ingelheim"]
[PlyCount "77"]
[WhiteFideId "34608141"]
[BlackFideId "34610138"]
[EventCountry "GER"]
[EventRounds "7"]
[EventType "team-swiss"]
[EventDate "2023.12.26"]

1. d4 {[%clk 01:30:59]} d5 {[%clk 01:30:56]} {[%emt 00:00:05]} 2. c4 {[%clk
01:31:24]} {[%emt 00:00:05]} c6 {[%clk 01:31:22]} {[%emt 00:00:04]} 3. Nc3
{[%clk 01:31:50]} {[%emt 00:00:04]} Nf6 {[%clk 01:31:47]} {[%emt 00:00:06]} 4.
Nf3 {[%clk 01:31:54]} {[%emt 00:00:26]} dxc4 {[%clk 01:32:10]} {[%emt
00:00:07]} 5. a4 {[%clk 01:30:46]} {[%emt 00:01:39]} a6 {[%clk 01:31:27]}
{[%emt 00:01:12]} 6. e3 {[%clk 01:30:20]} {[%emt 00:00:55]} b5 {[%clk
01:31:47]} {[%emt 00:00:11]} 7. axb5 {[%clk 01:30:28]} {[%emt 00:00:23]} cxb5
{[%clk 01:31:56]} {[%emt 00:00:20]} 8. Nxb5 {[%clk 01:30:52]} {[%emt 00:00:06]}
Bb7 {[%clk 01:32:10]} {[%emt 00:00:16]} 9. Nc3 {[%clk 01:31:00]} {[%emt
00:00:21]} e6 {[%clk 01:32:32]} {[%emt 00:00:09]} 10. Bxc4 {[%clk 01:29:52]}
{[%emt 00:01:37]} Bb4 {[%clk 01:32:46]} {[%emt 00:00:17]} 11. Bd2 {[%clk
01:28:57]} {[%emt 00:01:26]} O-O {[%clk 01:32:17]} {[%emt 00:00:59]} 12. O-O
{[%clk 01:28:40]} {[%emt 00:00:47]} Nbd7 {[%clk 01:32:25]} {[%emt 00:00:22]}
13. Na4 {[%clk 01:20:39]} {[%emt 00:08:31]} Bxf3 {[%clk 01:24:38]} {[%emt
00:08:16]} 14. gxf3 {[%clk 01:21:03]} {[%emt 00:00:06]} Bxd2 {[%clk 01:24:41]}
{[%emt 00:00:29]} 15. Qxd2 {[%clk 01:21:22]} {[%emt 00:00:10]} Nb6 {[%clk
01:24:54]} {[%emt 00:00:17]} 16. b3 {[%clk 01:19:34]} {[%emt 00:02:18]} Re8
{[%clk 00:59:59]} {[%emt 00:25:24]} 17. Qd3 {[%clk 01:05:02]} {[%emt 00:15:03]}
Nbd5 {[%clk 00:53:42]} {[%emt 00:06:47]} 18. Nc5 {[%clk 00:43:35]} {[%emt
00:21:58]} Nb4 {[%clk 00:47:38]} {[%emt 00:06:33]} 19. Qe2 {[%clk 00:38:13]}
{[%emt 00:05:51]} a5 {[%clk 00:46:11]} {[%emt 00:01:56]} 20. Ra4 {[%clk
00:29:54]} {[%emt 00:08:51]} Nfd5 {[%clk 00:44:19]} {[%emt 00:02:21]} 21. Rc1
{[%clk 00:18:03]} {[%emt 00:12:19]} e5 {[%clk 00:42:05]} {[%emt 00:02:46]} 22.
dxe5 {[%clk 00:09:51]} {[%emt 00:08:42]} Qg5+ {[%clk 00:40:49]} {[%emt
00:01:46]} 23. Kh1 {[%clk 00:09:13]} {[%emt 00:01:08]} Rxe5 {[%clk 00:38:47]}
{[%emt 00:02:32]} 24. Ne4 {[%clk 00:08:55]} {[%emt 00:00:48]} Qg6 {[%clk
00:33:55]} {[%emt 00:05:22]} 25. Qd2 {[%clk 00:08:21]} {[%emt 00:01:04]} Qh5
{[%clk 00:32:08]} {[%emt 00:02:17]} 26. Kg2 {[%clk 00:06:51]} {[%emt 00:02:00]}
Rd8 {[%clk 00:29:00]} {[%emt 00:03:38]} 27. Qb2 {[%clk 00:04:46]} {[%emt
00:02:33]} Nb6 {[%clk 00:25:56]} {[%emt 00:03:36]} 28. Raa1 {[%clk 00:04:21]}
{[%emt 00:00:55]} Nxc4 {[%clk 00:25:38]} {[%emt 00:00:48]} 29. Rxc4 {[%clk
00:04:42]} {[%emt 00:00:09]} Nd3 {[%clk 00:25:37]} {[%emt 00:00:31]} 30. Qd2
{[%clk 00:04:30]} {[%emt 00:00:42]} h6 {[%clk 00:23:53]} {[%emt 00:02:14]} 31.
Qc2 {[%clk 00:03:41]} {[%emt 00:01:15]} Rf5 {[%clk 00:21:53]} {[%emt 00:02:34]}
32. f4 {[%clk 00:02:49]} {[%emt 00:01:21]} Qg4+ {[%clk 00:19:31]} {[%emt
00:02:52]} 33. Ng3 {[%clk 00:02:55]} {[%emt 00:00:25]} Rh5 {[%clk 00:19:32]}
{[%emt 00:00:29]} 34. Rh1 {[%clk 00:02:14]} {[%emt 00:01:11]} Qh3+ {[%clk
00:19:42]} {[%emt 00:00:20]} 35. Kf3 {[%clk 00:02:39]} {[%emt 00:00:04]} g5
{[%clk 00:14:40]} {[%emt 00:05:33]} 36. f5 {[%clk 00:02:45]} {[%emt 00:00:23]}
g4+ {[%clk 00:13:10]} {[%emt 00:02:01]} 37. Rxg4+ {[%clk 00:03:02]} {[%emt
00:00:13]} Kh8 {[%clk 00:12:11]} {[%emt 00:01:29]} 38. Qc3+ {[%clk 00:03:14]}
{[%emt 00:00:17]} Rd4 {[%clk 00:11:54]} {[%emt 00:00:48]} 39. Qxd4+ {[%clk
00:03:14]} {[%emt 00:00:30]} 1-0

[Event "DVM U14 2023"]
[Site "Magdeburg GER"]
[Date "2023.12.27"]
[Round "1"]
[White "Goldmann, David"]
[Black "Melestean, Maxim"]
[Result "0-1"]
[Termination "normal"]
[Board "6.1"]
[WhiteElo "1925"]
[BlackElo "1625"]
[WhiteClock "01:12:21"]
[BlackClock "01:06:20"]
[WhiteTeam "Hamburger SK 1830"]
[BlackTeam "SK König Plauen"]
[PlyCount "34"]
[WhiteFideId "16268920"]
[BlackFideId "16280393"]
[EventCountry "GER"]
[EventRounds "7"]
[EventType "team-swiss"]
[EventDate "2023.12.26"]

1. e4 {[%clk 01:30:59]} c6 {[%clk 01:30:53]} {[%emt 00:00:07]} 2. d4 {[%emt
00:01:56]} d5 {[%clk 01:31:18]} 3. exd5 {[%clk 01:30:04]} {[%emt 00:00:05]}
cxd5 {[%clk 01:31:46]} {[%emt 00:00:03]} 4. Nf3 Nc6 {[%clk 01:32:08]} {[%emt
00:00:08]} 5. c3 {[%clk 01:30:45]} {[%emt 00:00:17]} Nf6 {[%clk 01:32:33]}
{[%emt 00:00:06]} 6. Bf4 {[%clk 01:30:59]} {[%emt 00:00:15]} Bg4 {[%clk
01:32:58]} {[%emt 00:00:06]} 7. Nbd2 {[%clk 01:31:24]} {[%emt 00:00:05]} e6
{[%clk 01:33:21]} {[%emt 00:00:06]} 8. Qb3 {[%clk 01:31:37]} {[%emt 00:00:18]}
Qc8 {[%clk 01:33:50]} {[%emt 00:00:02]} 9. Ne5 {[%clk 01:26:10]} {[%emt
00:05:57]} Bf5 {[%clk 01:33:55]} {[%emt 00:00:24]} 10. Bb5 {[%clk 01:25:54]}
{[%emt 00:00:46]} a6 {[%clk 01:34:19]} {[%emt 00:00:07]} 11. Bxc6+ {[%clk
01:24:04]} {[%emt 00:02:18]} bxc6 {[%clk 01:34:21]} {[%emt 00:00:30]} 12. Qa4
{[%clk 01:24:29]} {[%emt 00:00:04]} Bd6 {[%clk 01:34:42]} {[%emt 00:00:10]} 13.
Ndf3 {[%clk 01:24:35]} {[%emt 00:00:22]} Qb7 {[%clk 01:19:06]} {[%emt
00:16:06]} 14. Bg3 {[%clk 01:21:40]} {[%emt 00:03:25]} O-O {[%clk 01:12:54]}
{[%emt 00:06:44]} 15. b4 {[%clk 01:13:35]} {[%emt 00:08:33]} Rac8 {[%clk
01:06:28]} {[%emt 00:06:57]} 16. O-O {[%clk 01:12:28]} {[%emt 00:01:36]} Ne4
{[%clk 01:06:12]} {[%emt 00:00:47]} 17. Rac1 {[%clk 01:12:21]} {[%emt
00:00:36]} f6 {[%clk 01:06:20]} {[%emt 00:00:23]} 0-1

[Event "DVM U14 2023"]
[Site "Magdeburg GER"]
[Date "2023.12.27"]
[Round "1"]
[White "Akladius, Kyrillus"]
[Black "Lu, Yunong Elias"]
[Result "0-1"]
[Termination "normal"]
[Board "6.2"]
[WhiteElo "1342"]
[BlackElo "1809"]
[WhiteClock "00:09:17"]
[BlackClock "00:21:35"]
[WhiteTeam "SK König Plauen"]
[BlackTeam "Hamburger SK 1830"]
[PlyCount "60"]
[WhiteFideId "16267036"]
[BlackFideId "16276426"]
[EventCountry "GER"]
[EventRounds "7"]
[EventType "team-swiss"]
[EventDate "2023.12.26"]

1. e4 {[%clk 01:30:59]} c6 {[%clk 01:31:00]} {[%emt 00:00:01]} 2. d4 {[%clk
01:31:21]} {[%emt 00:00:07]} d5 {[%clk 01:31:28]} {[%emt 00:00:02]} 3. f3
{[%clk 01:31:48]} {[%emt 00:00:03]} e6 {[%clk 01:31:51]} {[%emt 00:00:07]} 4.
Nc3 {[%clk 01:32:07]} {[%emt 00:00:11]} Bb4 {[%clk 01:32:15]} {[%emt 00:00:06]}
5. Nge2 {[%clk 01:32:14]} {[%emt 00:00:25]} Ne7 {[%clk 01:30:22]} {[%emt
00:02:20]} 6. a3 {[%clk 01:32:34]} {[%emt 00:00:13]} Ba5 {[%clk 01:30:26]}
{[%emt 00:00:25]} 7. Be3 {[%clk 01:27:42]} {[%emt 00:05:21]} Nd7 {[%clk
01:26:41]} {[%emt 00:04:17]} 8. Qd2 {[%clk 01:21:47]} {[%emt 00:06:25]} h5
{[%clk 01:22:44]} {[%emt 00:04:26]} 9. b4 {[%clk 01:18:54]} {[%emt 00:03:23]}
Bc7 {[%clk 01:23:07]} {[%emt 00:00:07]} 10. Nf4 {[%clk 01:11:22]} {[%emt
00:08:00]} h4 {[%clk 01:10:08]} {[%emt 00:13:29]} 11. Be2 {[%clk 01:01:39]}
{[%emt 00:10:13]} dxe4 {[%clk 01:01:13]} {[%emt 00:09:25]} 12. fxe4 {[%clk
00:58:53]} {[%emt 00:03:15]} e5 {[%clk 01:01:05]} {[%emt 00:00:40]} 13. Nh3
{[%clk 00:58:16]} {[%emt 00:01:06]} Nf6 {[%clk 00:59:48]} {[%emt 00:01:49]} 14.
Ng5 {[%clk 00:57:18]} {[%emt 00:01:26]} Ng6 {[%clk 00:55:12]} {[%emt 00:05:06]}
15. Bc4 {[%clk 00:56:50]} {[%emt 00:00:58]} O-O {[%clk 00:55:23]} {[%emt
00:00:19]} 16. O-O {[%clk 00:54:16]} {[%emt 00:03:04]} Qd6 {[%clk 00:49:35]}
{[%emt 00:06:17]} 17. d5 {[%clk 00:51:20]} {[%emt 00:03:26]} Bb6 {[%clk
00:47:34]} {[%emt 00:02:32]} 18. Kh1 {[%clk 00:46:51]} {[%emt 00:05:00]} Bg4
{[%clk 00:42:10]} {[%emt 00:05:50]} 19. h3 {[%clk 00:42:56]} {[%emt 00:04:28]}
Bh5 {[%clk 00:41:51]} {[%emt 00:00:49]} 20. Bf2 {[%clk 00:26:43]} {[%emt
00:16:44]} Rad8 {[%clk 00:32:01]} {[%emt 00:10:20]} 21. Bxb6 {[%clk 00:20:55]}
{[%emt 00:06:18]} axb6 {[%clk 00:32:21]} {[%emt 00:00:09]} 22. Qf2 {[%clk
00:21:11]} {[%emt 00:00:14]} b5 {[%clk 00:30:16]} {[%emt 00:02:36]} 23. Bb3
{[%clk 00:21:20]} {[%emt 00:00:21]} Qe7 {[%clk 00:25:43]} {[%emt 00:05:02]} 24.
Nf3 {[%emt 00:05:38]} Bxf3 {[%clk 00:25:35]} 25. Qxf3 {[%clk 00:17:10]} {[%emt
00:00:09]} Nf4 {[%clk 00:25:23]} {[%emt 00:00:42]} 26. Rad1 {[%clk 00:16:05]}
{[%emt 00:01:35]} N6h5 {[%clk 00:24:24]} {[%emt 00:01:29]} 27. Kg1 {[%clk
00:14:20]} {[%emt 00:02:15]} Rd6 {[%clk 00:23:05]} {[%emt 00:01:49]} 28. Ne2
{[%clk 00:10:08]} {[%emt 00:04:42]} Rg6 {[%clk 00:20:52]} {[%emt 00:02:42]} 29.
Nxf4 {[%clk 00:09:04]} {[%emt 00:01:34]} Nxf4 {[%clk 00:21:14]} {[%emt
00:00:08]} 30. Rf2 {[%clk 00:09:17]} {[%emt 00:00:18]} Rg3 {[%clk 00:21:35]}
{[%emt 00:00:09]} 0-1

[Event "DVM U14 2023"]
[Site "Magdeburg GER"]
[Date "2023.12.27"]
[Round "1"]
[White "Braun, Julian"]
[Black "Rühmer, Nico"]
[Result "1-0"]
[Termination "normal"]
[Board "6.3"]
[WhiteElo "1674"]
[BlackElo "1595"]
[WhiteClock "01:05:25"]
[BlackClock "01:07:05"]
[WhiteTeam "Hamburger SK 1830"]
[BlackTeam "SK König Plauen"]
[PlyCount "47"]
[WhiteFideId "16289293"]
[BlackFideId "34640339"]
[EventCountry "GER"]
[EventRounds "7"]
[EventType "team-swiss"]
[EventDate "2023.12.26"]

1. e4 {[%clk 01:31:00]} {[%emt 00:27:32]} c5 {[%clk 01:30:54]} {[%emt
00:00:06]} 2. Nc3 {[%clk 01:31:29]} {[%emt 00:00:01]} Nc6 {[%clk 01:31:16]}
{[%emt 00:00:08]} 3. Nf3 {[%clk 01:31:58]} {[%emt 00:00:01]} d6 {[%clk
01:31:37]} {[%emt 00:00:10]} 4. d4 {[%clk 01:30:52]} {[%emt 00:01:34]} cxd4
{[%clk 01:31:54]} {[%emt 00:00:13]} 5. Nxd4 {[%clk 01:31:20]} {[%emt 00:00:02]}
Nf6 {[%clk 01:32:13]} {[%emt 00:00:11]} 6. Be2 {[%clk 01:31:41]} {[%emt
00:00:10]} e6 {[%clk 01:31:09]} {[%emt 00:01:34]} 7. O-O {[%clk 01:31:38]}
{[%emt 00:00:34]} Be7 {[%clk 01:31:21]} {[%emt 00:00:16]} 8. Be3 {[%clk
01:30:48]} {[%emt 00:01:20]} O-O {[%clk 01:30:51]} {[%emt 00:01:00]} 9. Qd2
{[%clk 01:28:38]} {[%emt 00:02:40]} a6 {[%clk 01:30:49]} {[%emt 00:00:32]} 10.
Rad1 {[%clk 01:27:57]} {[%emt 00:01:13]} Qc7 {[%clk 01:30:31]} {[%emt
00:00:49]} 11. f4 {[%clk 01:23:54]} {[%emt 00:04:33]} b5 {[%clk 01:29:06]}
{[%emt 00:01:53]} 12. Nxc6 {[%clk 01:23:05]} {[%emt 00:01:19]} Qxc6 {[%clk
01:29:13]} {[%emt 00:00:22]} 13. Bf3 {[%clk 01:23:21]} {[%emt 00:00:15]} Nd7
{[%clk 01:23:27]} {[%emt 00:06:16]} 14. e5 {[%clk 01:20:17]} {[%emt 00:03:35]}
d5 {[%clk 01:16:54]} {[%emt 00:07:03]} 15. Nxd5 {[%clk 01:19:57]} {[%emt
00:00:49]} exd5 {[%clk 01:17:14]} {[%emt 00:00:11]} 16. Bxd5 {[%clk 01:20:18]}
{[%emt 00:00:07]} Qc7 {[%clk 01:13:34]} {[%emt 00:04:10]} 17. Bxa8 {[%clk
01:20:32]} {[%emt 00:00:16]} Rd8 {[%clk 01:13:45]} {[%emt 00:00:19]} 18. Qf2
{[%clk 01:18:15]} {[%emt 00:02:47]} Bb7 {[%clk 01:09:28]} {[%emt 00:04:47]} 19.
Bxb7 {[%clk 01:18:25]} {[%emt 00:00:20]} Qxb7 {[%clk 01:09:53]} {[%emt
00:00:06]} 20. Qf3 {[%clk 01:16:18]} {[%emt 00:02:37]} Qc7 {[%clk 01:10:08]}
{[%emt 00:00:16]} 21. c3 {[%clk 01:12:44]} {[%emt 00:04:01]} Qc4 {[%clk
01:08:28]} {[%emt 00:02:10]} 22. Rd4 {[%clk 01:09:51]} {[%emt 00:03:23]} Qxa2
{[%clk 01:07:45]} {[%emt 00:01:13]} 23. Rfd1 {[%clk 01:08:57]} {[%emt
00:01:24]} Qe6 {[%clk 01:07:05]} {[%emt 00:01:11]} 24. f5 {[%clk 01:05:25]}
{[%emt 00:04:02]} 1-0

[Event "DVM U14 2023"]
[Site "Magdeburg GER"]
[Date "2023.12.27"]
[Round "1"]
[White "da Costa Silva, Pepe"]
[Black "Borgert, Alexander"]
[Result "0-1"]
[Termination "normal"]
[Board "6.4"]
[WhiteElo "1087"]
[BlackElo "1509"]
[WhiteClock "00:49:02"]
[BlackClock "01:10:33"]
[WhiteTeam "SK König Plauen"]
[BlackTeam "Hamburger SK 1830"]
[PlyCount "54"]
[WhiteFideId "16282000"]
[BlackFideId "16289188"]
[EventCountry "GER"]
[EventRounds "7"]
[EventType "team-swiss"]
[EventDate "2023.12.26"]

1. e4 {[%clk 01:30:58]} {[%emt 00:00:01]} c5 {[%clk 01:30:54]} {[%emt
00:00:07]} 2. Nf3 {[%clk 01:31:22]} {[%emt 00:00:06]} Nc6 {[%clk 01:31:20]}
{[%emt 00:00:05]} 3. d4 {[%clk 01:31:44]} {[%emt 00:00:07]} cxd4 {[%clk
01:31:46]} {[%emt 00:00:04]} 4. Nxd4 {[%clk 01:32:07]} {[%emt 00:00:07]} g6
{[%clk 01:32:04]} {[%emt 00:00:13]} 5. Be3 {[%clk 01:30:37]} {[%emt 00:02:00]}
Bg7 {[%clk 01:32:23]} {[%emt 00:00:11]} 6. Qd2 {[%clk 01:28:50]} {[%emt
00:02:17]} Qb6 {[%clk 01:32:11]} {[%emt 00:00:41]} 7. c3 {[%clk 01:27:57]}
{[%emt 00:01:24]} Qd8 {[%clk 01:31:28]} {[%emt 00:01:14]} 8. f3 {[%clk
01:25:22]} {[%emt 00:03:04]} d6 {[%clk 01:31:27]} {[%emt 00:00:33]} 9. Na3
{[%clk 01:24:04]} {[%emt 00:01:45]} a6 {[%clk 01:31:27]} {[%emt 00:00:30]} 10.
Nac2 {[%clk 01:24:17]} {[%emt 00:00:18]} Bd7 {[%clk 01:31:13]} {[%emt
00:00:43]} 11. Bc4 {[%clk 01:18:25]} {[%emt 00:06:24]} Nf6 {[%clk 01:30:43]}
{[%emt 00:00:59]} 12. O-O {[%clk 01:17:07]} {[%emt 00:01:47]} O-O {[%clk
01:30:50]} {[%emt 00:00:24]} 13. Rab1 {[%clk 01:14:30]} {[%emt 00:03:09]} Rc8
{[%clk 01:30:29]} {[%emt 00:00:49]} 14. Nxc6 {[%clk 01:12:54]} {[%emt
00:02:06]} Bxc6 {[%clk 01:25:49]} {[%emt 00:05:09]} 15. Nd4 {[%clk 01:08:47]}
{[%emt 00:04:39]} Qd7 {[%clk 01:19:07]} {[%emt 00:07:10]} 16. Bd3 {[%clk
01:07:56]} {[%emt 00:01:23]} Rfd8 {[%clk 01:17:40]} {[%emt 00:01:52]} 17. Nxc6
{[%clk 01:06:23]} {[%emt 00:02:07]} Qxc6 {[%clk 01:17:52]} {[%emt 00:00:19]}
18. Bg5 {[%clk 01:03:38]} {[%emt 00:03:13]} Re8 {[%clk 01:16:43]} {[%emt
00:01:42]} 19. Rbd1 {[%clk 00:57:49]} {[%emt 00:06:17]} Nd7 {[%clk 01:15:59]}
{[%emt 00:01:12]} 20. Bc2 {[%clk 00:55:51]} {[%emt 00:02:28]} Qb6+ {[%clk
01:11:37]} {[%emt 00:04:51]} 21. Be3 {[%clk 00:54:19]} {[%emt 00:02:05]} Qxb2
{[%clk 01:11:35]} {[%emt 00:00:30]} 22. Rb1 {[%clk 00:52:27]} {[%emt 00:02:21]}
Qxc3 {[%clk 01:11:55]} {[%emt 00:00:11]} 23. Rfc1 {[%clk 00:49:53]} {[%emt
00:03:04]} Qxd2 {[%clk 01:11:37]} {[%emt 00:00:49]} 24. Bxd2 {[%clk 00:49:21]}
{[%emt 00:01:02]} Rc7 {[%clk 01:10:47]} {[%emt 00:01:17]} 25. Ba5 {[%clk
00:49:02]} {[%emt 00:00:51]} b6 {[%clk 01:10:33]} 26. Bxb6 {[%clk 00:49:02]}
Nxb6 {[%clk 01:10:33]} 27. Rxb6 {[%clk 00:49:02]} Bd4+ {[%clk 01:10:33]} 0-1